书目信息 |
| 题名: |
五四运动文选
|
|
| 作者: | ;中国社会科学院近代史研究所 编 | |
| 分册: | ||
| 出版信息: | 北京 三联书店 1959 |
|
| 页数: | 602页 | |
| 开本: | 20cm | |
| 丛书名: | ||
| 单 册: | ||
| 中图分类: | K261.1-53 | |
| 科图分类: | ||
| 主题词: | 五·四运动--文集 | |
| 电子资源: | ||
| ISBN: | ||
| 000 | 00657nam0 2200217 45 | |
| 001 | 0179007558 | |
| 005 | 20070728114953.26 | |
| 010 | @dCNY1.85 | |
| 091 | @aCN@b17002.29 | |
| 100 | @a19950726e19791959em y0chiy0121 ea | |
| 101 | 0 | @achi |
| 102 | @aCN@b110000 | |
| 105 | @ay z 000yy | |
| 200 | 10 | @a五四运动文选@Awu si yun dong wen xuan@f中国社会科学院近代史研究所编 |
| 210 | @a北京@c三联书店@d1959@h1979重印 | |
| 215 | @a602页@d20cm | |
| 606 | @a五·四运动@x文集 | |
| 690 | @aK261.1-53@v3 | |
| 711 | 02 | @a中国社会科学院近代史研究所@Azhong guo she hui ke xue yuan jin dai shi yan jiu suo@4编 |
| 801 | 0 | @aCN@bTSSF@c20070728 |
| 905 | @a10447@dK261.1-53@e92 | |
| 五四运动文选/中国社会科学院近代史研究所编.-北京:三联书店,1959(1979重印) |
| 602页;20cm |
| ISBN :CNY1.85 |
| ● |
| 相关链接 |
|
|
|
|
正题名:五四运动文选
索取号:K261.1-53/92
 
预约/预借
| 序号 | 登录号 | 条形码 | 馆藏地/架位号 | 状态 | 备注 |
| 1 | 0436309 | 204363090 | 密集书库/ [索取号:K261.1-53/92] | 在馆 | |
| 2 | 0786606 | 207866068 | 密集书库/ [索取号:K261.1-53/92] | 在馆 |